000 00900cab a2200253 4500
001 WB3510-61
008 090401t1999 xxu||||| |||| 00| 0 eng d
035 _a(Sirsi) u92031
041 _aeng
245 _aGM farmers have grounds for concern
260 _c1999
350 _a0
490 _aScotsman
_v11 March 1999, 9
490 _aFinancial Times
_v12 March 1999, 8
490 _aIndependent
_v12 March 1999, 5(2)
520 _aThe RICS warns government that farmers who plant genetically modified crops risk a fall in land values similar to the effect of an outbreak of disease, or contamination. They call for a land register to trace if and when GM crops have been grown on a particular holding.
650 _aGENETICALLY MODIFIED CROPS
650 _aLAND REGISTERS
650 _aLAND VALUES
650 _aRICS
690 _aRURAL PRACTICE
942 _n0
948 _c12/03/1999
999 _c58366
_d58366